[Event "73rd Tata Steel GMC"]
[Site "Wijk aan Zee NED"]
[Date "2011.01.26"]
[Round "10"]
[White "Pruijssers, R."]
[Black "Bluvshtein, M."]
[Result "1-0"]
[WhiteElo "2484"]
[BlackElo "2590"]
[PlyCount "105"]
[EventDate "2011.01.14"]

1. e4 c5 2. Nf3 d6 3. d4 cxd4 4. Nxd4 Nf6 5. Nc3 Nc6 6. Bg5 e6 7. Qd2 a6 8.
O-O-O Be7 9. f3 Nxd4 10. Qxd4 b5 11. h4 Bb7 12. Kb1 O-O 13. g4 d5 14. e5 Nd7
15. Bxe7 Qxe7 16. g5 Qc5 17. f4 Rac8 18. a3 Rc7 19. Rh2 Rfc8 20. Qxc5 Nxc5 21.
Rd4 Bc6 22. h5 Rb8 23. h6 g6 24. b4 Nd7 25. Nd1 a5 26. Rh3 a4 27. Rc3 Kf8 28.
Nf2 Ke7 29. Ng4 Kd8 30. Kb2 Ba8 31. Rdd3 Rc6 32. Rxc6 Bxc6 33. Rc3 Kc7 34. Nh2
Kb7 35. Nf3 Nb6 36. Rc5 Nd7 37. Rc3 Nb6 38. Nd4 Nc4+ 39. Kc1 Rd8 40. Rg3 Rc8
41. Bxc4 dxc4 42. Kd2 Kb6 43. Ke3 Bd5 44. Rg1 c3 45. Rd1 Rc4 46. Rd3 Bb7 47.
Ne2 Re4+ 48. Kf2 Bc6 49. Rd4 Rxd4 50. Nxd4 Bd5 51. Ke3 Bc4 52. Ne2 Bb3 53. cxb3
1-0

[Event "73rd Tata Steel GMC"]
[Site "Wijk aan Zee NED"]
[Date "2011.01.26"]
[Round "10"]
[White "Swiercz, D."]
[Black "Nyzhnyk, I."]
[Result "1-0"]
[WhiteElo "2540"]
[BlackElo "2530"]
[PlyCount "93"]
[EventDate "2011.01.14"]

1. e4 c5 2. Nf3 d6 3. d4 cxd4 4. Nxd4 Nf6 5. Nc3 a6 6. Bg5 Nbd7 7. f4 Qc7 8.
Qf3 h6 9. Bxf6 Nxf6 10. f5 Bd7 11. O-O-O Rc8 12. Kb1 Qc5 13. Nd5 h5 14. Be2 Ng4
15. h3 Ne5 16. Qb3 b5 17. Rhf1 Rh7 18. Nf4 h4 19. Nd5 Rh6 20. Nf3 a5 21. Nxe5
dxe5 22. a3 a4 23. Qd3 Rd6 24. c3 Rb8 25. Rd2 Rb7 26. Bg4 Bc6 27. Qe2 Rbd7 28.
Bf3 Kd8 29. Rfd1 e6 30. fxe6 fxe6 31. Nb4 Rxd2 32. Nxc6+ Qxc6 33. Rxd2 Kc7 34.
Rxd7+ Qxd7 35. Qe3 Kc6 36. Kc2 Be7 37. Be2 Qc7 38. Qd3 Qb6 39. Bh5 Qd8 40. Qe2
Qd7 41. Qe3 Bc5 42. Qg5 Bf2 43. Be2 Bg3 44. Qg6 Bf4 45. Bd3 Qe7 46. Qh5 Qg5 47.
Qe2 1-0

[Event "73rd Tata Steel GMC"]
[Site "Wijk aan Zee NED"]
[Date "2011.01.26"]
[Round "10"]
[White "Bok, B."]
[Black "Sachdev, T."]
[Result "1/2-1/2"]
[WhiteElo "2453"]
[BlackElo "2391"]
[PlyCount "139"]
[EventDate "2011.01.14"]

1. e4 e5 2. Nf3 Nc6 3. Bb5 a6 4. Ba4 Nf6 5. O-O Bc5 6. c3 b5 7. Bb3 d6 8. a4
Bg4 9. h3 Bh5 10. d3 Rb8 11. Nbd2 O-O 12. axb5 axb5 13. Re1 Bb6 14. Nf1 Na5 15.
Bc2 Qd7 16. Bg5 Ne8 17. b4 Nc6 18. Ng3 Bg6 19. Bb3 Kh8 20. Nh4 Ne7 21. Qf3 f6
22. Nxg6+ Nxg6 23. Bd2 f5 24. exf5 Nh4 25. Qg4 Nxf5 26. d4 g6 27. Nxf5 gxf5 28.
Qh4 f4 29. dxe5 dxe5 30. Rad1 Qg7 31. Qh5 e4 32. Qg4 Qe5 33. Qe6 Qxe6 34. Bxe6
Nd6 35. Bd5 Rbe8 36. Bc6 e3 37. Re2 exf2+ 38. Kf1 Rxe2 39. Kxe2 Be3 40. c4 Bxd2
41. Rxd2 bxc4 42. Kxf2 Rb8 43. Rb2 Nf5 44. Be4 c3 45. Rb3 Nd6 46. Bc6 c2 47.
Rc3 Rxb4 48. Rxc2 Rc4 49. Rxc4 Nxc4 50. Be4 Ne5 51. g3 fxg3+ 52. Kxg3 Kg7 53.
Kf4 Nf7 54. Bd3 h6 55. Kf5 Ng5 56. Bf1 Kf7 57. Bc4+ Kg7 58. Bf1 Nf3 59. Ke6 Kg6
60. Kd5 Kg5 61. Kc6 h5 62. Kxc7 h4 63. Kd6 Kf4 64. Ke6 Kg3 65. Kf5 Nd4+ 66. Ke4
Ne6 67. Ke3 Ng5 68. Ke2 Nf3 69. Ke3 Nh2 70. Ke2 1/2-1/2

[Event "73rd Tata Steel GMC"]
[Site "Wijk aan Zee NED"]
[Date "2011.01.26"]
[Round "10"]
[White "Ivanisevic, I."]
[Black "Vocaturo, D."]
[Result "1-0"]
[WhiteElo "2630"]
[BlackElo "2570"]
[PlyCount "73"]
[EventDate "2011.01.14"]

1. d4 Nf6 2. c4 e6 3. Nc3 Bb4 4. Qc2 O-O 5. Nf3 c5 6. dxc5 Na6 7. c6 bxc6 8. g3
Nc5 9. Bg2 Nce4 10. O-O Nxc3 11. bxc3 Be7 12. e4 d5 13. Nd4 Bd7 14. e5 Ne8 15.
Rd1 Rc8 16. h4 Qa5 17. Bg5 f6 18. Bf4 f5 19. Rab1 Nc7 20. Rb7 Qa6 21. cxd5 cxd5
22. Rdb1 Ba4 23. Qd2 Bc5 24. Bf1 Qa5 25. Rxc7 Qxc7 26. Nxe6 Qd7 27. Nxf8 Kxf8
28. Bg2 Bc6 29. Rd1 Bb6 30. Be3 Ba4 31. Re1 Qc7 32. Bxb6 axb6 33. Qg5 Qf7 34.
e6 Qf6 35. e7+ Ke8 36. Qxf6 gxf6 37. Bf3 1-0

[Event "73rd Tata Steel GMC"]
[Site "Wijk aan Zee NED"]
[Date "2011.01.26"]
[Round "10"]
[White "Lahno, Kateri"]
[Black "Van Kampen, R."]
[Result "1/2-1/2"]
[WhiteElo "2518"]
[BlackElo "2443"]
[PlyCount "55"]
[EventDate "2011.01.14"]

1. e4 c5 2. c3 Nf6 3. e5 Nd5 4. Nf3 Nc6 5. Bc4 e6 6. d4 cxd4 7. cxd4 d6 8. O-O
Be7 9. Qe2 O-O 10. Nc3 Nxc3 11. bxc3 dxe5 12. dxe5 Qa5 13. Bd2 Rd8 14. Rfe1 Bd7
15. Bb3 Be8 16. Qe4 Qa6 17. Bc2 g6 18. Bg5 Bxg5 19. Nxg5 h6 20. Nf3 Qa3 21. Qf4
Qxc3 22. Qxh6 Qxc2 23. Ng5 Qf5 24. f4 Ne7 25. Qh7+ Kf8 26. Qh6+ Kg8 27. Qh7+
Kf8 28. Qh6+ 1/2-1/2

[Event "73rd Tata Steel GMC"]
[Site "Wijk aan Zee NED"]
[Date "2011.01.26"]
[Round "10"]
[White "Siebrecht, S."]
[Black "Kazhgaleyev, M."]
[Result "1-0"]
[WhiteElo "2439"]
[BlackElo "2637"]
[PlyCount "101"]
[EventDate "2011.01.14"]

1. d4 Nf6 2. c4 g6 3. Nc3 Bg7 4. e4 d6 5. Bd3 Nbd7 6. h3 e5 7. d5 h5 8. Nf3 a5
9. Bc2 Bh6 10. Bxh6 Rxh6 11. Qd2 Rh8 12. Ba4 Kf8 13. Bxd7 Bxd7 14. O-O-O Kg7
15. Ng5 Nh7 16. Nxh7 Rxh7 17. Rdf1 Qf6 18. f4 exf4 19. Rxf4 Qe5 20. Rhf1 Be8
21. Ne2 a4 22. a3 c5 23. Ng1 Kg8 24. Nf3 Qe7 25. e5 b5 26. exd6 Qd8 27. d7 Bxd7
28. Ne5 f5 29. Nxg6 Qf6 30. d6 b4 31. Qd5+ Kg7 32. Qxa8 Kxg6 33. axb4 cxb4 34.
Qa5 b3 35. Qc5 Qg5 36. Qd4 Rf7 37. h4 Qd8 38. Kb1 Qe8 39. Qd2 Qa8 40. R1f3 Rf6
41. Rg3+ Kf7 42. Re3 Be6 43. d7 Qd8 44. Rd4 f4 45. Rf3 Bf5+ 46. Kc1 Kg6 47.
Qxf4 a3 48. Qg5+ Kh7 49. Rxf5 a2 50. Qxh5+ Kg7 51. Rg4+ 1-0